000 00399nam a2200145Ia 4500
001 3382
008 241024s9999 xx 000 0 und d
020 _a978-9945-16-253-0
082 _aRD/972.97293/R763r
100 _aSanto Romero
245 0 _aRaíces etnico-culturales y divisiones territoriales de nuestra isla
260 _bEd. Búho
_c2008
901 _a11/10/2013 2:48:08 p.m.
999 _c7539
_d7539